-OPE Word Blitz Quiz Stats

 Plays Quiz Updated Aug 21, 2016

Also try: -INK Word Blitz
Challenge
Share
Tweet
Embed
Score 0/10 Timer 01:00
1 Play Today
Clue _OPE Word % Correct
Vatican leader???
94.2%
Slang for marijuana???
92.8%
Slangy denial???
88.5%
To deal with or overcome difficulties???
84.1%
Hitchcock film or something to bind with???
82.5%
Brood dejectedly???
79.1%
This was left inside Pandora's box???
76.3%
A gait similar to a canter???
65.5%
A Mexican corn-based street food???
22.1%
To drink to excess; a type of shark???
21.5%

You're not logged in!

Compare scores with friends on all Sporcle quizzes.
OR
Log In

You Might Also Like...

Show Comments

Extras

Top Quizzes Today


Score Distribution

Your Account Isn't Verified!

In order to create a playlist on Sporcle, you need to verify the email address you used during registration. Go to your Sporcle Settings to finish the process.

Report this User

Report this user for behavior that violates our Community Guidelines.

Details: